Derivatives and risk management. (Record no. 161372)
[ view plain ]
| 000 -LEADER | |
|---|---|
| fixed length control field | 00477nam a2200193Ia 4500 |
| 003 - CONTROL NUMBER IDENTIFIER | |
| control field | OSt |
| 005 - DATE AND TIME OF LATEST TRANSACTION | |
| control field | 20230429123951.0 |
| 008 - FIXED-LENGTH DATA ELEMENTS--GENERAL INFORMATION | |
| fixed length control field | 210423s2011 xx 000 0 und d |
| 020 ## - INTERNATIONAL STANDARD BOOK NUMBER | |
| International Standard Book Number | 9788131755143 |
| 040 ## - CATALOGING SOURCE | |
| Transcribing agency | AL |
| 041 ## - LANGUAGE CODE | |
| Language code of text/sound track or separate title | eng |
| 082 ## - DEWEY DECIMAL CLASSIFICATION NUMBER | |
| Classification number | 658.155 |
| Edition number | 23 |
| Item number | JANS |
| 100 ## - MAIN ENTRY--PERSONAL NAME | |
| Personal name | JANAKIRAMANAN (Sundaram). |
| 9 (RLIN) | 95378 |
| 245 ## - TITLE STATEMENT | |
| Title | Derivatives and risk management. |
| 260 ## - PUBLICATION, DISTRIBUTION, ETC. | |
| Place of publication, distribution, etc. | New Delhi |
| Name of publisher, distributor, etc. | Pearson |
| Date of publication, distribution, etc. | 2011 |
| 300 ## - PHYSICAL DESCRIPTION | |
| Extent | xxvii,513 |
| Other physical details | PB |
| 365 ## - TRADE PRICE | |
| Price amount | 465 |
| Currency code | INR |
| 942 ## - ADDED ENTRY ELEMENTS (KOHA) | |
| Source of classification or shelving scheme | Dewey Decimal Classification |
| Koha item type | Book |
| Withdrawn status | Lost status | Damaged status | Not for loan | Collection code | Home library | Current library | Date acquired | Source of acquisition | Cost, normal purchase price | Total Checkouts | Full call number | Barcode | Date last seen | Date last checked out | Price effective from | Koha item type |
|---|---|---|---|---|---|---|---|---|---|---|---|---|---|---|---|---|
| M Com | St Aloysius PG Library | St Aloysius PG Library | 08/08/2013 | Jupiter | 465.00 | 7 | 658.155 JANS | PG007854 | 04/17/2025 | 04/02/2025 | 04/26/2021 | Book |